000 00704cab a2200229 4500
001 WB3241-03
008 090401t1996 xxu||||| |||| 00| 0 eng d
035 _a(Sirsi) u39769
041 _aeng
245 _aConstruction costs to rise sharply
260 _c1996
350 _a0
490 _aFinancial Times
_v26-27 October 1996, 5(1)
520 _aConstruction costs could rise by up to 28 per cent over the next five years when construction output recovers, warns EC Harris.
650 _aBUILT ENVIRONMENT-BUILDING COSTS
650 _aCONSTRUCTION OUTPUT
650 _aEC HARRIS
650 _aFORECASTS
690 _aBUILT ENVIRONMENT-BUILDING COSTS
942 _n0
948 _c04/03/1997
999 _c25460
_d25460